| 000 | 00525nam a2200145 4500 | ||
|---|---|---|---|
| 008 | 150723b xxu||||| |||| 00| 0 eng d | ||
| 020 | _a9789966250254 | ||
| 050 | _aHF 5686 .C8B7 2012 | ||
| 100 |
_aBR Professional Education Limited _d2012 |
||
| 245 |
_aATC cost accounting (practice and revision kit) : _bPaper No. 8/ |
||
| 260 |
_aNairobi: _bBR Professional Educationa Ltd, _c2012 |
||
| 300 |
_axii, 142 p. : ill. ; _c29 cm. |
||
| 650 | _aCost accounting | ||
| 942 |
_2lcc _cSH_L_BOOKS _hHF 5686 .C8B7 2012 _01 |
||
| 999 |
_c2520 _d2520 |
||